Problems of Stimulating Demand and Supply in the Education System: Marketing Aspect

Salvato in:
Dettagli Bibliografici
Autore principale: Artyukhova, Nadiia
Altri autori: Rehák, Róbert, 1984-
Natura: Capitolo di libro
Lingua:inglese
Soggetti:
Tags: Aggiungi Tag
Nessun Tag, puoi essere il primo ad aggiungerne!!

MARC

LEADER 00000naa$a2200000$$$4500
001 0298721
005 20240502084009.2
041 0 |a eng 
044 |a TR 
245 1 0 |a Problems of Stimulating Demand and Supply in the Education System: Marketing Aspect  |c Nadiia Artyukhova, Róbert Rehák 
500 |a Abstrakt 
610 2 0 |a dopyt 
610 2 0 |a ponuka 
610 2 0 |a vzdelávanie 
610 2 0 |a marketing 
100 1 |a Artyukhova, Nadiia 
700 1 |a Rehák, Róbert, 1984-